|
|
|
|
| LEADER |
00943nam a2200217 u 4500 |
| 001 |
10097037 |
| 003 |
GR-PaULI |
| 005 |
20220708112400.0 |
| 008 |
120410s1984 o gre |
| 952 |
|
|
|0 0
|1 0
|2 ddc
|4 0
|6 792_028000000000000_092_ΦΩΤ
|7 0
|9 362336
|a LISP
|b LISP
|c DON
|d 2022-07-08
|e ΠΑΤ
|i 151842
|l 0
|o 792.028 092 ΦΩΤ
|p 025000294376
|r 2022-07-08 00:00:00
|t 1
|w 2022-07-08
|y BKN
|
| 999 |
|
|
|c 211741
|d 211741
|
| 040 |
|
|
|a GR-PaULI
|c GR-PaULI
|b gre
|e AACR2
|
| 082 |
0 |
4 |
|a 792.028 092
|2 23
|
| 100 |
1 |
|
|a Φωτόπουλος, Μίμης
|d 1913-1986
|e συγγραφέας.
|9 105291
|
| 245 |
1 |
3 |
|a Το ποτάμι της ζωής μου /
|c Μίμης Φωτόπουλος.
|
| 260 |
|
|
|a Αθήνα :
|b Gutenberg,
|c 1984.
|
| 300 |
|
|
|a 127 σ. :
|b εικ. ;
|c 25 εκ.
|
| 600 |
1 |
4 |
|a Φωτόπουλος, Μίμης
|d 1913-1986.
|9 105291
|
| 650 |
|
4 |
|a Ηθοποιοί
|x Βιογραφίες
|z Ελλάδα.
|9 3093
|
| 942 |
|
|
|2 ddc
|c BKN
|
| 998 |
|
|
|c ΜΠΟΥΡΑΣ
|d 2022-07
|